| 000 | 01140cab a22002295a 4500 | ||
|---|---|---|---|
| 001 | L142074 | ||
| 008 | 080123s2008 xxk f 000 0 eng d | ||
| 035 | _a(Sirsi) u142074 | ||
| 041 | 0 | _aeng | |
| 100 | 1 | _aSmith, Kristina | |
| 245 | 0 | 0 |
_aConstruction? _byou must be joking |
| 260 | _c2008 | ||
| 490 | 0 |
_aConstruction Manager _vJanuary 2008, 14-18(4) |
|
| 520 | _aDiscusses the Construction and the Built Environment Diploma and considers whether it will encourage young people to pursue a career in construction. Concerns about the diploma include the safety aspects of work experience placements for 14-15 year olds and that the diploma may be viewed as a second class option. However, it has the potential to deliver some positive outcomes for young people and employers. Also looks at the practicalities of the ambassador scheme and apprenticeship. | ||
| 590 | _aKA | ||
| 650 | 2 | 4 | _aCONSTRUCTION AND THE BUILT ENVIRONMENT DIPLOMA |
| 651 | 4 |
_aEngland _y886- |
|
| 690 | _aCAREERS, EDUCATION AND TRAINING-CAREERS IN SURVEYING-CAREERS IN CONSTRUCTION | ||
| 690 | _aBUILT ENVIRONMENT | ||
| 700 | 1 | _aCousins, Stephen | |
| 942 | _n0 | ||
| 999 |
_c79723 _d79723 |
||